| 000 | 00631nam a22002417a 4500 | ||
|---|---|---|---|
| 005 | 20170124105959.0 | ||
| 010 | _a681833 | ||
| 020 | _c00.00 | ||
| 035 | _a681833 | ||
| 037 | _bCen Lib/Ret | ||
| 040 |
_aDPL _bEN |
||
| 082 |
_a362 _bTRU |
||
| 100 |
_aTrussell, Ray E. _915390 |
||
| 245 |
_aHunterdon medical centre / _cby Ray E. Trussell |
||
| 246 | _b | ||
| 260 |
_bCommonwealth fund _c1956 _aCambridge |
||
| 270 | _bCambridge | ||
| 300 |
_aix,235p. : _c19cm(Hb) |
||
| 500 | _aIncludes index | ||
| 650 |
_aMedical centre _915391 |
||
| 650 |
_aMedical care _915392 |
||
| 942 |
_2ddc _cEN _h362 _mTRU |
||
| 999 |
_c125751 _d125751 |
||